|
|
|
|
| LEADER |
02530nem a22004332a 4500 |
| 001 |
mzk03001086577 |
| 003 |
CZ BrMZK |
| 005 |
20160519113849.0 |
| 007 |
aj|aa||| |
| 008 |
110217s1846 au |||||||a|||r|0|||gerod |
| 034 |
1 |
|
|a a
|b 288000
|d E0150855
|e E0185744
|f N0503119
|g N0483633
|
| 040 |
|
|
|a BOA001
|b cze
|
| 043 |
|
|
|a e-xr---
|a e-xr-mr
|
| 072 |
|
7 |
|a 912:904
|x Staré mapy
|2 Konspekt
|9 7
|
| 080 |
|
|
|a (437.32)
|2 MRF
|
| 080 |
|
|
|a (084.3)
|2 MRF
|
| 100 |
1 |
|
|a David, Johann,
|d činný 19. století
|7 jx20071127032
|4 aut
|
| 245 |
1 |
0 |
|a General-Karte der Markgrafschaft Mähren mit den Antheilen des Herzogthums Schlesien nach der Specialkarte reducirt
|h [kartografický dokument] /
|c gezeichnet und gestochen im K.K. Militaerischen Geographischen Institute in Wien 1846 ; J. Kiss scrip. J. Wöber J. David sculp.
|
| 255 |
|
|
|a Měřítko [ca 1:288 000]. 13,2 cm = 4 Oester. Post Meilen oder 16 000 Wiener Klafter
|c (015°08´55" v.d.--018°57´44" v.d./050°31´19" s.š.--048°36´33" s.š.)
|
| 260 |
|
|
|a in Wien :
|b gezeichnet und gestochen im K.K. Militaerischen Geographischen Institute,
|c 1846
|
| 300 |
|
|
|a 1 mapa na 2 listech :
|b mědirytina podlepená plátnem ;
|c 70,5 x 50 cm na listu 73 x 52,5 cm
|
| 500 |
|
|
|a Celková mapa o velikosti 70,5 x 100 cm
|
| 500 |
|
|
|a Na zadní straně nalepený prázdný štítek
|
| 500 |
|
|
|a Výzdoba: V levém horním rohu název a měřítko, v pravém horním rohu politické rozdělení (Politische Eintheilung der Markgrafschaft Mähren mit den Antheilen des Herzogthums Schlesien. Der Sitz der Regierung ist zu Brünn), v pravém dolním rohu vysvětlivky, v mapovém rámci geografické souřadnice
|
| 510 |
3 |
|
|a IKAR
|
| 510 |
4 |
|
|a Roubík, F. Soupis map českých zemí,
|c II, č. 1227
|
| 651 |
|
7 |
|a Morava (Česko)
|7 ge130070
|2 czenas
|
| 655 |
|
7 |
|a historické mapy
|7 fd186723
|2 czenas
|
| 700 |
1 |
|
|a Kiss, Josef,
|d činný 1846
|7 mzk2008464095
|4 aut
|
| 700 |
1 |
|
|a Wöber, Josef,
|d činný 1846-1869
|7 mzk2010474068
|4 aut
|
| 856 |
4 |
1 |
|u http://www.digitalniknihovna.cz/mzk/uuid/uuid:7074c4ca-6d49-4c6f-a42e-93e850af6da7
|y Digitalizovaný dokument
|
| 910 |
|
|
|a BOA001
|b STMpa-1257.838
|
| 978 |
|
|
|b K. k. Militär-Geographisches Institut
|a Wien
|c 1846
|
| 984 |
|
|
|a Vídeň
|b Rakousko
|
| 985 |
|
|
|a 1801-1850
|
| 990 |
|
|
|a MP
|
| 991 |
|
|
|k mzk
|
| 996 |
6 |
|
|b 2610465297
|c STMpa-1257.838
|l stud. ST
|r Sklad / do násl. otevíracího dne
|n 0
|w 001170215
|u 000010
|a 1
|e BOA001
|s P
|
| 996 |
6 |
|
|b 2610465298
|c STMpa-1257.838
|l stud. ST
|r Sklad / do násl. otevíracího dne
|n 0
|w 001170215
|u 000020
|a 1
|e BOA001
|s P
|